Premier League top scorers (2010-2020) - Statistics

General Stats
  • This quiz has been taken 407 times
  • The average score is 32 of 50
Answer Stats
Nationality Player Goals % Correct
Argentina Sergio Aguero 180
100%
England Harry Kane 136
98%
Belgium Romelu Lukaku 113
97%
Egypt Mohamed Salah 67
96%
Netherlands Robin van Persie 105
95%
England Wayne Rooney 128
95%
Senegal Sadio Mane 77
94%
Uruguay Luis Suarez 69
90%
Belgium Eden Hazard 85
88%
Korea Son 48
88%
Senegal Demba Ba 43
87%
Ivory Coast Didier Drogba 49
86%
Algeria Riyad Mahrez 53
82%
Gabon Pierre-Emerick Aubameyang 46
81%
Bosnia and Herzegovina Edin Dzeko 50
79%
Wales Gareth Bale 41
78%
England Frank Lampard 70
76%
Bulgaria Dimitar Berbatov 58
75%
England Jamie Vardy 97
75%
England Raheem Sterling 77
75%
England Steven Gerrard 49
71%
France Olivier Giroud 78
70%
Brasil Roberto Firmino 56
70%
Denmark Christian Eriksen 51
69%
Spain Fernando Torres 47
68%
Togo Emmanuel Adebayor 51
64%
Ivory Coast Yaya Toure 59
63%
Spain David Silva 57
61%
Chile Alexis 64
58%
Argentina Carlos Tevez 58
58%
USA Clint Dempsey 43
58%
England Jermain Defoe 83
56%
Spain Diego Costa 52
55%
England Darren Bent 56
54%
England Peter Crouch 57
50%
England Daniel Sturridge 72
49%
Mexico Chicharito 53
47%
Austria Marko Arnautovic 43
47%
Belgium Christian Benteke 70
44%
France Anthony Martial 42
38%
England Dele Alli 49
38%
Iceland Gylfi Sigurdson 60
38%
Spain Juan Mata 50
38%
England Theo Walcott 67
37%
Norway Joshua King 46
29%
Ireland Shane Long 49
28%
England Andy Carroll 50
20%
Scotland Steven Fletcher 53
20%
England Troy Deeney 42
11%
Ireland Jonathan Walters 43
10%
No matching quizzes found
Score Distribution
Percent of People with Each Score
Percentile by Number Answered
Your Score History
You have not taken this quiz